| 000 | 01082cam a22003137a 4500 | ||
|---|---|---|---|
| 003 | CHAP | ||
| 005 | 20220329132916.0 | ||
| 008 | 971013s1986 r 00010 d | ||
| 010 | _a166 | ||
| 011 | _a1138 | ||
| 035 | _a314 | ||
| 040 | _cCHAP | ||
| 082 |
_a633.18 _bF74 |
||
| 100 | 0 | 0 |
_aFrederiksen, Richard A. _943102 |
| 245 | 0 | _aCompendium of sorghum diseases | |
| 260 |
_aSt. Paul, Minn. : _bAmerican Phytopatological Society, _c1986 |
||
| 300 |
_a82 p. _b: ilus. |
||
| 490 | 0 | _aDisease compendium series | |
| 590 |
_aBATCH-UPD _b10 _c20130109 _lUCH01 _h2349 |
||
| 590 |
_aBATCH-UPD _b10 _c20130110 _lUCH01 _h2131 |
||
| 590 |
_aCONVERSION _b10 _c20130109 _lUCH01 _h1302 |
||
| 650 | 1 | 4 |
_aSorgo _xEnfermedades. _9108662 |
| 830 | 0 |
_aDisease compendium series _932720 |
|
| 901 | _aBK | ||
| 942 | _cLIBRO | ||
| 949 |
_a633.18 F74 _bBC _cC _d33724000571055 _eC _gI.147705 _h76551 _i314 _si _t85.93 |
||
| 949 |
_a633.18 F74 _bBC _cLIBRO _d33724000223681 _eLIBRO _fc.3 _gI. 172816 _h87094 _i314 _si _t113.48 |
||
| 949 |
_a633.18 F74 _bBC _cLIBRO _d33724000571113 _eLIBRO _fc.2 _gI.172816 _h87094 _i314 _si _t113.48 |
||
| 999 |
_c166 _d166 |
||